Score 0/104 Timer 15:00
0 Plays Today
% Correct
Bleach
82%
No Game No Life
79%
Haikyuu
79%
JoJo
78.9%
Assassination Classroom
77.4%
One Punch Man
77.2%
Kill la Kill
76.8%
Yugioh
76.1%
Violet Evergarden
75.9%
Code Geass
75.4%
Toradora
74.8%
Cowboy Bebop
74.8%
Your lie in April
73.7%
Prison School
68.2%
Trigun
67.5%
Durarara
66.5%
Noragami
65.8%
Danganronpa
64.2%
Death Parade
63.6%
Slam Dunk
59.6%
Akame Ga Kill
59.6%
Charlotte
59.2%
Kimi no nawa
59%
Bungou Stray Dogs
56.3%
Cells at work
56.1%
HxH Hunter
50.7%
Nanatsu no Taizai
49.3%
Darker than Black
46.7%
Mob Psycho 100
46.5%
Another
45.4%
School Days
45.2%
Monster Musume
44.9%
Ping Pong the Animation
44.7%
Sakamoto desu ga
44.3%
Yamada-kun and the Seven Witches
42.3%
% Correct
Kiznaiver
41.9%
Corpse Party
40.8%
Black Bullet
39.3%
Ore Monogatari
39%
Yowamushi Pedal
37.5%
High school of the dead
37.3%
Diamond no Ace
35.3%
Ajin
33.5%
Btooom
33.1%
Classroom of the Elite
32.9%
Aho Girl
31.1%
Parasyte the maxim
30.3%
Usagi Drop
29.8%
Made in Abyss
27.8%
Erased
27.4%
Rosario to vampire
26.8%
Date a Live
26.8%
Hajime no Ippo
24.8%
Gakusen Toshi Asterisk
22.8%
Happy Sugar Life
22.1%
Kabaneri of the Iron Fortress
21.7%
Overlord
20.8%
3 gatsu no lion
20.6%
High Score Girl
18.8%
Tokyo Ravens
18.6%
Prince of Stride
18.4%
Dagashi Kashi
17.3%
Rainbow
16.4%
Run with the Wind
16.2%
Rakudai Kishi no Cavalry
15.3%
All Out
14%
Young Black Jack
13.4%
Hai to Gensou no Grimgar
13.4%
Shinmai Maou no Testament
13.2%
Sousei no Onmyouji
12.9%
% Correct
Hundred
11.6%
Gin no Saji
11.6%
Death March
10.8%
Joker Game
10.7%
Hentai ouji
10.7%
Ushio to Tora
10.5%
Re:Life
10.5%
Back Street Girls
10.1%
Luck and Logic
9.9%
UQ holder
9.9%
Beatless
9.7%
Rokka no Yuusha
9.4%
Bikini Warriors
8.5%
Hakata Tonkotsu Ramens
7.7%
Kuromukuro
7.5%
Divine Gate
7.5%
Big Order
6.3%
Dimension W
5.9%
Grand Blue
5.7%
Kokkoku
5.1%
Kuma Miko
5%
Shouwa Genroku Rakugo Shinjuu
4.8%
Saijaku Muhai no Bahamut
4.8%
Sky Wizards Academy
4.8%
The World in Colors
4.8%
Bubuki Buranki
3.9%
White Album
3.5%
Ao no Kanata
3.5%
Ojisan to Marshmellow
2.2%
Lance and Masques
1.7%
Koukaku no Pandora
1.1%
Mushishi Zoku Shou
1.1%
Onsen Yousei
0.7%
Namakura Gatana
0.7%
Remove Ads.
Support Sporcle.
Get the best of Sporcle when you Go Orange. This ad-free experience offers more features, more stats, and more fun while also helping to support Sporcle. Thank you for becoming a member.

You're not logged in!

Compare scores with friends on all Sporcle quizzes.
OR
Log In

Show Comments

Extras

Created Dec 17, 2018ReportNominate
Tags:Anime Quiz

Top Quizzes Today


Score Distribution

Your Account Isn't Verified!

In order to create a playlist on Sporcle, you need to verify the email address you used during registration. Go to your Sporcle Settings to finish the process.

Report this User

Report this user for behavior that violates our Community Guidelines.

Details: